00313nam a2200121Ia 4500008004100000041000800041082001200049100001700061245004400078260004500122300001300167365001100180240624s9999 xx 000 0 und d aeng a828 CHA aCHAWLA ANKUR a14 HOURS AN INSIDER S ACCOUNT OF THE 26 c2012aNew DelhibRupa Publications India a176 : p. cRSb25